Statistics for Biggest Urban Areas in California

Click here to take the quiz!

General Stats

  • This quiz has been taken 248 times
  • The average score is 15 of 30

Answer Stats

RankPopulationUrban Area% Correct
112,150,996Los Angeles
100%
32,956,746San Diego
100%
23,281,212San Francisco
100%
61,664,496San Jose
96%
51,723,634Sacramento
95%
7654,628Fresno
88%
41,932,666Riverside
86%
10523,994Bakersfield
79%
23195,861Santa Barbara
68%
12370,583Stockton
64%
14358,172Modesto
55%
13367,260Oxnard
54%
26163,703Santa Cruz
43%
24184,809Salinas
41%
18308,231Santa Rosa
41%
16341,219Lancaster
38%
21219,454Visalia
35%
28136,969Merced
33%
20258,653Santa Clarita
31%
25165,074Vallejo
29%
17328,454Victorville
29%
30130,447Santa Maria
27%
11441,546Murrieta
24%
15345,580Indio
21%
22214,811Thousand Oaks
19%
19277,634Antioch
16%
8615,968Concord
16%
9583,681Mission Viejo
14%
29133,683Fairfield
12%
27163,379Hemet
9%

Score Distribution

Percentile by Number Answered

Percent of People with Each Score

Your Score History

You have not taken this quiz